El llibre de la jungla / (Record no. 86815)

MARC details
000 -LEADER
campo de control de longitud fija 00627nam a2200205 i 4500
001 - NÚMERO DE CONTROL
campo de control 86815
003 - IDENTIFICADOR DE NÚMERO DE CONTROL
campo de control ES-MaACL
005 - FECHA Y HORA DE LA ÚLTIMA TRANSACCIÓN
campo de control 20250208063126.0
007 - CAMPO FIJO DE DESCRIPCIÓN FÍSICA--INFORMACIÓN GENERAL
campo de control de longitud fija t|
008 - DATOS DE LONGITUD FIJA--INFORMACIÓN GENERAL
campo de control de longitud fija 041215q19001999sp ||||1| cat d
100 1# - ENTRADA PRINCIPAL--NOMBRE DE PERSONA
Nombre de persona Kipling, Rudyard,
Fechas asociadas al nombre 1865-1936
9 (RLIN) 68087
245 13 - MENCIÓN DEL TÍTULO
Título El llibre de la jungla /
Mención de responsabilidad, etc. Rudyard Kipling ; traducció de María Manent.
260 ## - PUBLICACIÓN, DISTRIBUCIÓN, ETC.
Lugar de publicación, distribución, etc. [Barcelona :
Nombre del editor, distribuidor, etc. Editorial Catalana,
Fecha de publicación, distribución, etc. 19--?]
300 ## - DESCRIPCIÓN FÍSICA
Extensión 169 p. ;
Dimensiones 19 cm.
490 1# - MENCIÓN DE SERIE
Mención de serie Biblioteca literaria
700 1# - ENTRADA AGREGADA--NOMBRE PERSONAL
Nombre de persona Manent, María.
9 (RLIN) 75976
830 0# - PUNTO DE ACCESO ADICIONAL DE SERIE-TÍTULO UNIFORME
Título uniforme Biblioteca literaria
9 (RLIN) 183370
852 ## - LOCALIZACIÓN
Ubicación ES-MaACL
Número de control de estantería G-7701
Holdings
Estatus retirado Estado de pérdida Estado de daño No para préstamo Colección Biblioteca de origen Biblioteca actual Ubicación en estantería Fecha de adquisición Fuente de adquisición Total de préstamos Signatura topográfica completa Código de barras Visto por última vez Precio de reemplazo Tipo de ítem Koha
        Libros del s. XIX Biblioteca del Ateneo de Madrid Biblioteca del Ateneo de Madrid Sala Pecera Planta 3 17/01/2008     G-7701 1090708 23/02/2023 23/02/2023 Libro impreso antiguo